Ski Resorts of Vermont - Statistics

General Stats
  • This quiz has been taken 26 times
  • The average score is 7 of 17
Answer Stats
Hint Answer % Correct
Northernmost ski resort in Vermont, only 5 miles from the Canada border. Jay Peak
80%
Has the nickname, "The Beast." Killington
72%
Is located on the tallest mountain in Vermont. Stowe Mountain Resort
68%
Has consistent ratings as the best ski resort in Vermont. Okemo Mountain Resort
60%
The sister mountain to Killington. Pico Mountain
56%
Located on the tallest mountain in southern Vermont. Stratton Mountain
56%
The one remaining single chairlift in America is located here. Mad River Glen
52%
The third largest vertical drop in Vermont is located here. Smuggler's Notch
52%
Has terrain over six mountains. Sugarbush Mountain Resort
44%
The closest ski resort to Burlington, the largest city in Vermont. Bolton Valley
32%
The easternmost mountain in Vermont. Burke Mountain
32%
The X Games were held here in 2000. Mount Snow
32%
Belongs to Middlebury College. Snow Bowl
28%
Has the motto, "Where skiing has its soul." Magic Mountain
24%
The only southern-facing mountain in the East. Bromley Mountain
20%
The smallest ski resort in Vermont. Cochran's
16%
Has the longest running ski race in North America. Suicide Six
8%
No matching quizzes found
Score Distribution
Percent of People with Each Score
Percentile by Number Answered
Your Score History
You have not taken this quiz